Pokemon that are both normal and flying type - Statistics

General Stats
  • This quiz has been taken 10 times
  • The average score is 20 of 27
Answer Stats
Region Pokemon % Correct
Kanto Farfetch’d
100%
Kanto Fearow
100%
Kanto Pidgeot
100%
Kanto Pidgeotto
100%
Kanto Pidgey
100%
Kanto Spearow
100%
Kanto Dodrio
90%
Kanto Doduo
90%
Sinnoh Chatot
70%
Johto Hoothoot
70%
Johto Noctowl
70%
Unova Pidove
70%
Unova Rufflet
70%
Sinnoh Staraptor
70%
Sinnoh Staravia
70%
Sinnoh Starly
70%
Hoenn Swellow
70%
Hoenn Taillow
70%
Unova Unfezant
70%
Unova Braviary
60%
Kalos Fletchling
60%
Paldea Squawkabilly
60%
Alola Toucannon
60%
Unova Tranquill
60%
Alola Pikipek
50%
Hoenn Swablu
50%
Alola Trumbeak
50%
No matching quizzes found
Score Distribution
Percent of People with Each Score
Percentile by Number Answered
Your Score History
You have not taken this quiz